Miasta, które leżą w województwie Śląskim na terenie Górnego Śląska - Statystyki

Ogólne statystyki
  • Ten quiz został rozwiązany 180 razy
    40 od ostatniego zresetowania
  • Średni wynik to 6 z 13
Answers on the Grid
Answers color-coded by a green-red scale on the quiz's grid according to % correct below.
Katowice
Bytom
Sosnowiec
Gliwice
Będzin
Żywiec
Świętochłowice
Jaworzno
Bielsko-Biała
Lubliniec
Dąbrowa Górnicza
Tarnowskie Góry
Chorzów
Zawiercie
Częstochowa
Ruda Śląska
Czeladź
Rybnik
Kłobuck
Bieruń
Siewierz
Tychy
Mikołów
Zabrze
 
Statystyki odpowiedzi
Odpowiedź % Poprawnych
Katowice
95%
Bytom
84%
Gliwice
68%
Świętochłowice
42%
Tychy
42%
Chorzów
37%
Mikołów
37%
Ruda Śląska
37%
Rybnik
37%
Lubliniec
32%
Zabrze
32%
Bieruń
26%
Tarnowskie Góry
21%
Nie znaleziono quizów pasujących do podanych kryteriów
Rozkład punktacji
Procent ludzi z każdym wynikiem
Percentyl według liczby udzielonych odpowiedzi
Twoja historia wyników
Nie rozwiązałeś tego quizu od ostatniego zresetowania